Report of tours in the Central Doab and Gorakhpur in 1874-75 and 75-76 (Record no. 1007884)

MARC details
000 -LEADER
fixed length control field 00737nam a2200253Ia 4500
003 - CONTROL NUMBER IDENTIFIER
control field OSt
005 - DATE AND TIME OF LATEST TRANSACTION
control field 20221005102125.0
008 - FIXED-LENGTH DATA ELEMENTS--GENERAL INFORMATION
fixed length control field 221004b |||||||| |||| 00| 0 eng d
037 ## - SOURCE OF ACQUISITION
Terms of availability Textual
040 ## - CATALOGING SOURCE
Original cataloging agency CRL
Transcribing agency CRL
Language of cataloging eng
041 ## - LANGUAGE CODE
Source of code eng
Language code of text/sound track or separate title eng
110 ## - MAIN ENTRY--CORPORATE NAME
Corporate name or jurisdiction name as entry element Archaelogical Survey of India
9 (RLIN) 622877
245 #0 - TITLE STATEMENT
Title Report of tours in the Central Doab and Gorakhpur in 1874-75 and 75-76
260 ## - PUBLICATION, DISTRIBUTION, ETC.
Place of publication, distribution, etc. Varanasi
Name of publisher, distributor, etc. Indological Book House
Date of publication, distribution, etc. 1970
300 ## - PHYSICAL DESCRIPTION
Extent 230p.
Dimensions cm.
650 ## - SUBJECT ADDED ENTRY--TOPICAL TERM
Topical term or geographic name entry element HISTORY
700 ## - ADDED ENTRY--PERSONAL NAME
Personal name Archaelogical Survey of India
9 (RLIN) 622878
942 ## - ADDED ENTRY ELEMENTS (KOHA)
Classification part V2:71vM9, K6.12
Koha item type Textual
Source of classification or shelving scheme
Holdings
Withdrawn status Lost status Damaged status Not for loan Home library Current library Date acquired Total Checkouts Full call number Barcode Date last seen Price effective from Koha item type
        Central Library Central Library 2022-10-05   V2:71vM9 K6.12 CL0483551 2022-10-05 2022-10-05 Textual
Copyright @ Delhi University Library System